| Registos Bibliográficos associados ao registo de autoridade |
|
Etiqueta de registo: 00254nkc 2200109 450 001 1992466 003 http://id.bnportugal.gov.pt/bib/catbnp/1992466 100 ## $a20180612d1979 km y0pora0103 ba 101 0# $apor 102 ## $aPT 200 1# $a1.º De Maio 79$bVisual gráfico]$egrande jornada de unidade e luta$econcentração no Martim Moniz...$fU. S. L., U. S. S. 210 #9 $a[S.l.]$cUnião dos Sindicatos de Lisboa e Setúbal,$d 1979 215 ## $a2 cartazes$ccolor.$d21,5x15 cm, ou menor 316 ## $aOutras dimensões: 15,5x10,5 cm$5PTBN: CT. 1012 P. 675 ## $a331-057(084.5)$vBN$zpor$3309774 675 ## $a061.3(469.411)"1979"(084.5)$vBN$zpor$3828904 675 ## $a766(=1:469)"197"(084.5)$vBN$zpor$31270858 710 02 $aUnião dos Sindicatos de Lisboa$3208202 711 02 $aUnião dos Sindicatos de Setúbal$4070$3923386 801 #0 $aPT$bBN$gRPC 966 ## $lBN$mICONOG$sCT. 1012 P.$x1 966 ## $lBN$mICONOG$sCT. 1014 P.$x1 997 ## $aBIBEOD
Etiqueta de registo: 00809ckm 02200205 04500 001 1013633 003 http://id.bnportugal.gov.pt/bib/catbnp/1013633 005 20000216155400.0 100 ## $a20000216d1977 am y0pory0103 ba 101 0# $apor 102 ## $aPT 200 1# $aGrande jornada de luta em defesa das conquistas alcançadas$bVisual gráfico]$emanifestação concentração 22 de Junho$fUnião dos Sindicatos de Lisboa, União dos Sindicatos de Setúbal 210 #9 $aLisboa$cIntersindical,$d[D.L. 1977$eLisboa]:$gRenascença Gráfica) 215 ## $a1 cartaz$ccolor.$d83x60 cm 317 ## $aColeção Madeira Luís$5PTBN: CT. 8036 R. 330 ## $aPequeno símbolo da CGTP-Intersindical 675 ## $a323.2(469)"1977"(084.5)$vBN$zpor$3505943 675 ## $a766(=1:469)"197"(084.5)$vBN$zpor$31270858 710 02 $aUnião dos Sindicatos de Lisboa$3208202 711 02 $aUnião dos Sindicatos de Setúbal$4070$3923386 801 #0 $aPT$bBN$gRPC 966 ## $lBN$mICONOG$sCT. 464 R.$x0 966 ## $lBN$mICONOG$sCT. 8036 R.$x3
Etiqueta de registo: 00254nkm 2200109 450 001 1999433 003 http://id.bnportugal.gov.pt/bib/catbnp/1999433 100 ## $a20180904f19761979km a0pory0103 ba 101 0# $apor 102 ## $aPT 200 1# $aGrande jornada de luta e unidade$bVisual gráfico]$emanifestação, concentração$fUnião dos Sindicatos de Lisboa, União dos Sindicatos de Setúbal 210 #9 $a[S.l.]$cUnião dos Sindicatos de Lisboa e Setúbal,$d[1977] 215 ## $a1 cartaz$cbranco e verde$d16,5x12 cm 306 ## $aData atribuída em conformidade com a data manuscrita no verso 675 ## $a331-057(084.5)$vBN$zpor$3309774 675 ## $a061.3(469.411)"1977"(084.5)$vBN$zpor$3803829 675 ## $a766(=1:469)"197"(084.5)$vBN$zpor$31270858 710 02 $aUnião dos Sindicatos de Lisboa$3208202 711 02 $aUnião dos Sindicatos de Setúbal$4070$3923386 801 #0 $aPT$bBN$gRPC 966 ## $lBN$mICONOG$sCT. 1470 P.$x3 997 ## $aBIBEOD
Etiqueta de registo: 00254nkm 2200109 450 001 1999416 003 http://id.bnportugal.gov.pt/bib/catbnp/1999416 100 ## $a20180904d1977 km a0pory0103 ba 101 0# $apor 102 ## $aPT 200 1# $aGrande jornada de luta e unidade$bVisual gráfico]$emanifestação, concentração$fUnião dos Sindicatos de Lisboa, União dos Sindicatos de Setúbal 210 #9 $a[S.l.]$cUnião dos Sindicatos de Lisboa e Setúbal,$d1977 215 ## $a1 cartaz$cbranco e vermelho$d18x13 cm 307 ## $aNão il. 675 ## $a331-057(084.5)$vBN$zpor$3309774 675 ## $a061.3(469.411)"1977"(084.5)$vBN$zpor$3803829 675 ## $a766(=1:469)"197"(084.5)$vBN$zpor$31270858 710 02 $aUnião dos Sindicatos de Lisboa$3208202 711 02 $aUnião dos Sindicatos de Setúbal$4070$3923386 801 #0 $aPT$bBN$gRPC 966 ## $lBN$mICONOG$sCT. 1468 P.$x3 966 ## $lBN$mICONOG$sCT. 1469 P.$x3 997 ## $aBIBEOD
Etiqueta de registo: 00563ckm 2200169 450 001 1093341 003 http://id.bnportugal.gov.pt/bib/catbnp/1093341 005 20021106161500.0 100 ## $a20021106d2002 am y0pory0103 ba 101 0# $apor 102 ## $aPT 200 1# $aCorrida pelos direitos!$bVisual gráfico]$efala com o teu delegado sindical! Sindicaliza-te$fUnião Sindicatos Setúbal 210 #9 $aSetúbal$cUnião dos Sindicatos Setúbal,$d2002 215 ## $a1 cartaz$ccolor.$d42x31 cm 675 ## $a331.105(084.5)$vBN$zpor$3809762 675 ## $a766(=1:469)"200"(084.5)$vBN$zpor$3972418 710 02 $aUnião dos Sindicatos de Setúbal$3923386 966 ## $lBN$mICONOG$sCT. 5347 V.$x1
Etiqueta de registo: 00000nkm 2200025 450 001 2258718 003 http://id.bnportugal.gov.pt/bib/catbnp/2258718 100 ## $a20260202d1988 m y0pory01030103ba 101 0# $apor 102 ## $aPT 200 1# $aUnião dos Sindicatos de Setúbal, 2.º Congresso, Desenvolvimento... Trabalho para Todos,
Pavilhão Clube Naval Setubalense, 18 19 março 88$bVisual gráfico] 210 #9 $aSetúbal$cUnião dos Sindicatos de Setúbal,$d1988$eSetúbal :$gCorlito) 215 ## $a1 cartaz$ccolor.$d67,7x47,8 cm 317 ## $aColeção Madeira Luís 675 ## $a766(=1:469)"1988"(084.5)$vBN$zpor$31811746 710 02 $aUnião dos Sindicatos de Setúbal$3923386 711 02 $aCGTP-IN$34741 801 #0 $aPT$bBN$gRPC 966 ## $lBN$mICONOG$sCT. 19165 A.$x3 971 ## $cCaticonografia5$d20260202 995 ## $aPRR2026 $d20260202$iCaticonografia5
Etiqueta de registo: 00000nkm 2200025 450 001 2259490 003 http://id.bnportugal.gov.pt/bib/catbnp/2259490 100 ## $a20260203f1978 m y0pory01030103ba 101 0# $apor 102 ## $aPT 200 1# $aGrande manifestação em defesa da reforma agrária, 11 de novembro, Marquês de Pombal
- P. Comércio$bVisual gráfico]$fCGTP-IN$gUnião dos Sindicatos de Lisboa$gUnião dos Sindicatos de Setúbal 210 #9 $aLisboa$cCGTP-IN,$d[1978?] 215 ## $a1 cartaz$ccolor.$d59,8x44,4 cm 306 ## $aDatação atribuída em conformidade com o acontecimento anunciado 317 ## $aColeção Madeira Luís 675 ## $a766(=1:469)"1978"(084.5)$vBN$zpor$31981587 710 02 $aCGTP-IN$34741 711 02 $aUnião dos Sindicatos de Lisboa$3208202 711 02 $aUnião dos Sindicatos de Setúbal$3923386 801 #0 $aPT$bBN$gRPC 966 ## $lBN$mICONOG$sCT. 19237 A.$x3 971 ## $cCaticonografia1$d20260203 995 ## $aPRR2026 $d20260203$iCaticonografia1
Etiqueta de registo: 00000nkm 2200025 450 001 2255377 003 http://id.bnportugal.gov.pt/bib/catbnp/2255377 100 ## $a20260127f1981 m y0pory01030103ba 101 0# $apor 102 ## $aPT 200 1# $a14 abril a partir das 19h, S. Bento, Não! ao pacote laboral, pela reforma agrária,
pelas nacionalizações, USL e USS, CGTP-IN$bVisual gráfico]$fCGTP-IN 210 #9 $aLisboa$cCGTP-IN,$d[1981?] 215 ## $a1 cartaz$ccolor.$d48x33 cm 306 ## $aDatação atribuída em conformidade com o contexto político enunciado 317 ## $aColeção Madeira Luís 675 ## $a766(=1:469)"198"(084.5)$vBN$zpor$31658582 710 02 $aCGTP-IN$34741 711 02 $aUnião dos Sindicatos de Setúbal$4070$3923386 711 02 $aUnião dos Sindicatos de Lisboa$4070$3208202 801 #0 $aPT$bBN$gRPC 966 ## $lBN$mICONOG$pFrancisco Madeira Luís$sCT. 12936 V.$x3 971 ## $cCaticonografia3$d20260127 972 ## $d20260210$e2$vmferro$z0 995 ## $aPRR2026 $d20260127$iCaticonografia3
Etiqueta de registo: 00000nkm 2200025 450 001 2279224 003 http://id.bnportugal.gov.pt/bib/catbnp/2279224 100 ## $a20260311d1980 m y0pory01030103ba 101 0# $apor 102 ## $aPT 200 1# $a2.º encontro da juventude do distrito de Setúbal, Na juventude o futuro de Abril,
Paio Pires, Seixal, Paio Pires, 4 out. 80$bVisual gráfico]$fUnião dos Sindicatos de Setúbal 210 #9 $aSetúbal$cUnião dos Sindicatos de Setúbal,$d1980$eSetúbal :$gGrafitroia) 215 ## $a1 cartaz$ccolor.$d45,5x32,8 cm 317 ## $aColeção Madeira Luís 710 02 $aUnião dos Sindicatos de Setúbal$3923386 801 #0 $aPT$bBN$gRPC 966 ## $lBN$mICONOG$sCT. 15736 V.$x3 971 ## $cCaticonografia9$d20260311 995 ## $aPRR2026
Etiqueta de registo: 00000nkm 2200025 450 001 2279096 003 http://id.bnportugal.gov.pt/bib/catbnp/2279096 100 ## $a20260311f19801985m y0pory01030103ba 101 0# $apor 102 ## $aPT 200 1# $aTodos a S. Bento, defender a constituição, demitir o governo, 15 julho$bVisual gráfico]$fUSL$gUSS$gCGTP-IN 210 #9 $aLisboa$cUSL,$d[1980 e 1985]$eLisboa :$gCasa Portuguesa 215 ## $a1 cartaz$ccolor.$d59x41 cm 306 ## $aDatação em conformidade com as características formais do documento 317 ## $aColeção Madeira Luís 710 02 $aUnião dos Sindicatos de Lisboa$3208202 712 02 $aCGTP-IN$4557$34741 712 02 $aUnião dos Sindicatos de Setúbal$4557$3923386 801 #0 $aPT$bBN$gRPC 966 ## $lBN$mICONOG$sCT. 24285 A.$x3 971 ## $cCatmusica8$d20260311 995 ## $aPRR2026
Etiqueta de registo: 00000nkm 2200025 450 001 2281521 003 http://id.bnportugal.gov.pt/bib/catbnp/2281521 100 ## $a20260318f198- m y0pory01030103ba 101 0# $apor 102 ## $aPT 200 1# $aManifestação, vida melhor, emprego certo, salário em dia, M. Pombal, Rossio, 31 janeiro$bVisual gráfico]$fCGTP-IN, et. al. 210 #9 $aLisboa$cCGTP-IN,$d[198-]$eLisboa :$gCasa Portuguesa) 215 ## $a1 cartaz$ccolor.$d67,9x97 cm 306 ## $aDatação em conformidade com as características formais do documento 317 ## $aColeção Madeira Luís 710 02 $aCGTP-IN$34741 711 02 $aC.I.S.$31586093 711 02 $aUnião dos Sindicatos de Setúbal$3923386 711 02 $aUnião dos Sindicatos de Lisboa$3208202 711 02 $aC.I.L.-$bComissão Coordenadora das CT da Região de Lisboa$31585986 801 #0 $aPT$bBN$gRPC 966 ## $lBN$mICONOG$sCT. 8076 R.$x3 971 ## $cCaticonografia8$d20260318 995 ## $aPRR2026
|
|
|